00633nam a2200205Ia 4500003000900000008004100009040001600050080001500066100002500081245005500106260004400161300001600205650004100221650002400262650001700286650001400303942000700317999001300324952009000337IN-BaIIA211028s9999 xx 000 0 eng d cIIA Library a523.9bPRI aPringsheim, E.91415 0aPhysik der sonne (in German)cE. Pringsheim  aLeipzig und BerlinbB. G. Teubnerc1910 aviii, 435p. aAstronomy and astrophysics thesaurus aSolar physics91416 aSolar system aSun91200 cBK c653d653 00104070aBANbBANcGENd0000-00-00l0o523.9/ PRIp675r2021-11-05w0000-00-00yBK